| 000 | 01037nam a22002657a 4500 | ||
|---|---|---|---|
| 003 | Uzh_bibl | ||
| 008 | 260501b |||||||| |||| 00| 0 ukr d | ||
| 020 |
_a5-86248-071-4 _c3,20 |
||
| 040 | _bукр. | ||
| 041 |
_2ukr _aukr |
||
| 080 | _a030 | ||
| 090 |
_a030 _bЕ 64 |
||
| 100 | _a- | ||
| 245 |
_aЕнциклопедія українознавства _cГол. ред. Володимир Кубійович _hТекст |
||
| 260 |
_aКиїв _b"Глобус" _c1993 |
||
| 300 |
_a399 с. _bіл. _fВ опр. |
||
| 490 | _vТом 1 | ||
| 520 | _aФундаментальна праця з україністики створена під егідою наукового товариства імені Шевченка в європі | ||
| 521 | _aДля широкого кола читачів | ||
| 546 | _aукр. | ||
| 650 | _aДовідкове видання | ||
| 653 |
_aАґрус _aАлушта _aАнглія |
||
| 655 |
_aДовідкова література _vЕнциклопедія |
||
| 942 |
_2udc _cBK |
||
| 999 |
_c17599 _d17599 |
||